Normal view MARC view

Entry Personal Name

Number of records used in: 1

001 - CONTROL NUMBER

  • control field: 10562

003 - CONTROL NUMBER IDENTIFIER

  • control field: DLC

005 - DATE AND TIME OF LATEST TRANSACTION

  • control field: 20250530123752.0

008 - FIXED-LENGTH DATA ELEMENTS

  • fixed length control field: 840801n| azannaab |n aaa

010 ## - LIBRARY OF CONGRESS CONTROL NUMBER

  • LC control number: n 84010633

040 ## - CATALOGING SOURCE

  • Original cataloging agency: DLC
  • Transcribing agency: DLC
  • Description conventions: rda
  • Modifying agency: DLC

046 ## - SPECIAL CODED DATES

  • Birth date: 19471015

100 1# - HEADING--PERSONAL NAME

  • Personal name: Romney, Marshall B.

670 ## - SOURCE DATA FOUND

  • Source citation: His Casebook in accounting information systems, c1985:
  • Information found: CIP t.p. (Marshall B. Romney) pub. info. (Brigham Young U.)

670 ## - SOURCE DATA FOUND

  • Source citation: Cushing, B.E. Accounting information systems and business organizations, 1987:
  • Information found: CIP t.p. (Marshall B. Romney) data sheet (b. 10/15/47)

Powered by Koha